000 00585nam a2200193 a 4500
005 20240418063727.0
008 081212s2005 es r 000 0 spa d
020 _a8466745637
035 _aUPN01000168493
049 _aI
050 4 _aPZ78
_bC2.6
100 1 _aCasariego, Martín,
_d1962-
245 1 0 _aPisco va a la playa /
_cMartín Casariego ; il. Javier Vázquez.
260 _aMadrid :
_bAnaya,
_c2005.
300 _a66 p. :
_bil. col.
440 3 _aEl duende verde.
_pA partir de 6 años
650 0 _aAventuras y aventureros
_vLiteratura juvenil
_911236
905 _aInfantil
999 _c140600
_d140600